000 00628cam a22002293a 4500
001 1679
003 PGUSA
005 20140828083005.0
008 990301s1999||||xxu|||||s|||||000 1 eng d
040 _aPGUSA
_beng
042 _adc
050 4 _aPZ
100 1 _aTodd, Burbank L.
245 1 0 _aHiram the Young Farmer
_h[electronic resource] /
_cBurbank L. Todd
260 _bProject Gutenberg,
_c1999
506 _aPublic domain in the USA.
516 _aElectronic text
653 _aAgriculture -- Juvenile fiction
830 0 _aProject Gutenberg
_v1679
856 4 0 _uhttp://www.gutenberg.org/ebooks/1679
942 _cEB
999 _c231025
_d231025